000 00548cam a22002057a 4500
001 000965
003 armpunfd
005 20140612090625.0
008 011019e0####xx#a##########000#0##nd#d
040 _aarmpunfd
_carmpunfd
080 _a347.736 L 64
100 1 0 _a Loza, Eufracio R.
245 1 0 _aLey de quiebras : comentada, concordada y anotada.
260 _a Buenos Aires :
_bZavalia,
_c1963.
300 _a366 p.
650 7 _a Ley 11.719
_2LEMB
650 7 _a Ley De Quiebras
_2LEMB
942 _cLB
_2cdu
945 _aCatalis
_d2010-08-19
999 _c956
_d231460